000 00451nam a22001457a 4500
003 SGT
082 _a617.84
_bA25K
100 _aKHANDELWAL, YASHIKA
245 _aASSESSING THE IMPACT OF HIGH INTENSITY INTERVAL TRAINING (HIIT) ON FSH AND LH LEVELS, AND PERFORMANCE BASED PARAMETERS ON FEMALE COLLEGIATE VOLLEYBALL ATHLETES:
260 _aGURUGRAM
_bSGT UNIVERSITY
_c2025
300 _a98
650 _aSPORTS
653 _aMPT
942 _2ddc
_cTH
999 _c32651
_d32651